Universality in chaos : a reprint selection
Αποθηκεύτηκε σε:
| Άλλοι συγγραφείς: | |
|---|---|
| Μορφή: | Βιβλίο |
| Γλώσσα: | English |
| Δημοσίευση: |
Bristol : New York :
Adam Hilger,
1989
|
| Έκδοση: | 2nd ed. |
| Θέματα: | |
| Ετικέτες: |
Προσθήκη ετικέτας
Δεν υπάρχουν, Καταχωρήστε ετικέτα πρώτοι!
|
MARC
| LEADER | 00000cam a2200000 i 4500 | ||
|---|---|---|---|
| 001 | 1/54531 | ||
| 008 | 941103s1989 eng d | ||
| 020 | |a 0852742592 |c Ή45.00 | ||
| 020 | |a 0852742606 |c Ή15.00 | ||
| 035 | |l 10045022 | ||
| 035 | |a 1993 |c ΦΛΕΣΣΑΣ | ||
| 040 | |a GR-MY-UA |b gre |e aacr | ||
| 041 | 0 | |a eng | |
| 082 | 0 | |a 515.352 |2 (20) | |
| 245 | 1 | 0 | |a Universality in chaos : |b a reprint selection / |c compiled and introduced by Predrag Cvitanovic |
| 250 | |a 2nd ed. | ||
| 260 | |a Bristol : |a New York : |b Adam Hilger, |c 1989 | ||
| 300 | |a 631 p., [1] p. of plates; |b ill.; |c 25 cm | ||
| 504 | |a Includes bibliographical references (p. 611-631) and index | ||
| 650 | 0 | 0 | |a Chaotic behavior in systems. |
| 650 | 0 | 0 | |a Statistical mechanics. |
| 700 | 1 | |a Cvitanovic, Predrag, |e com | |
| 852 | |a INST |b SAMOS |e 19941103 |h 515.352 UNI |p 005300009922 |q 005300009922 |t BK |y 0 | ||
| 909 | |a Σ |b 025459 | ||